000 00824nam a22002897a 4500
001 BR0704746
003 BR-BrBNA
005 20230928102529.0
007 ta
008 230509b bl.||||| |||| 00| 0 por d
040 _aBR-BrBNA
_bpor
_cBiblioteca Nacional de Agricultura
041 _a(Por)
072 _aF01
_b1930
090 _ 1930 BR0704746
100 1 _aOliveira, J.A.
110 1 _aAssociação Nordestina de Crédito e Assistência Rural do Ceará, Fortaleza (Brasil)
245 1 _aFaça capineira
260 3 _aFortaleza, CE (Brasil):
_c1975.
300 _a42 p.
500 _aDocumento microfilmado e tratado BR7306261
650 _aCAPIM ELEFANTE NAPIER
650 _aPRODUÇÃO VEGETAL
650 _aCULTIVO DO SOLO
650 _aCEARÁ
909 _a202309
_bLucia
_c55
_dLucia Elande
942 _cBK
999 _c71239
_d71239